000 01239cam a2200301 4500
008 090401t1994 xxu||||| |||| 00| 0 eng d
020 _a1871955025
035 _a(Sirsi) u66918
041 _aeng
050 _a333.0023
100 _aSayce, Sarah
245 _aWhither CPD? A research project report into professional opinion of continuing professional development for chartered surveyors.
260 _aKingston upon Thames
_bKingston University
_c1994
300 _avi,95p. ; 30cm.
350 _a12.5
520 _aIntroduces and outlines the changes in RICS CPD policy and reports the results of a survey of the current perceptions of CPD held by RICS members, preferred methods of implementation and attitudes to monitoring, accreditation and possible links with post-graduate qualifications.
650 _aABOUT RICS-RICS MEMBERS
650 _aCONTINUING PROFESSIONAL DEVELOPMENT
650 _aCPD
650 _aWHITHER CPD
690 _aMANAGEMENT-BUSINESS MANAGEMENT-PROFESSIONAL PRACTICE
700 _aHerbert, Amanda
700 _aMartin, Simon
710 _aKingston University School of Surveying
_92114
710 _aRoyal Institution of Chartered Surveyors
_94900
942 _n0
948 _c04/03/1997
999 _c94961
_d94961